000 00452nam a22001697a 4500
005 20180725144442.0
008 160503b xxu||||| |||| 00| 0 eng d
020 _a81-85989-70-2
041 _aeng
082 _b1191
_a658.3
100 _aSHANDILYA, COL D.K.
_92636
245 _aMANAGEMENT OF CHANGE AND ORGANIZATIONAL DEVELOPMENT
260 _aNew Delhi
_bGalgotia Publ. Pvt. Ltd.
_c2001
300 _a69p,
650 _aManagement
_9241
942 _cBK
999 _c476
_d476